000 01103nam a22002895i 4500
001 177122
003 ES-MaACL
005 20250812043829.0
008 110304s1967 sp afo |||| | spa d
080 _a7.031.1
080 _a7(3)
100 1 _aBiedermann, Hans.
_9145455
245 1 0 _aCulturas megalíticas /
_cHans Biedermann, Hagen Biesantz, Joseph Wiesner ; [traducido por Abilio Echevarría y Federico Revilla].
260 _aBilbao :
_bMoretón,
_cD. L. 1967.
300 _a251, [16] p. de lám. col. y n. :
_bil. col. y n. ;
_c17 cm.
490 1 _aBiblioteca de divulgación cultural. Historia del arte universal ;
_v4
500 _aÍndice.
650 0 7 _aArte prehistórico
_2embne
_910269
650 7 _aArte antiguo
_2embne
_9145358
700 0 _aBiesantz, Hagen.
_9145456
700 1 _aWiesner, Joseph.
_9145453
700 0 _aEchevarría Pagola, Abilio.
_946562
700 0 _aRevilla, Federico.
_996429
830 0 0 _aBiblioteca de divulgación cultural.
_pHistoria del arte universal
_v4
_9190363
852 _aES-MaACL
_jE-14544
_xOlim P-1406
999 _c177122
_d177122